000 01029nam0a22002651 4500
001 rc\4433529
005 20260407012118.0
021 _aRU
_b[58-3157]
035 _a(NLR Aleph) 008577422
090 _a8563751
_c8563751
100 _a20130416d1957 |||y0rusy50 ca
101 0 _arus
102 _aRU
105 _ay z |||||
200 1 _aИз опыта профсоюзной работы
_e[Сборник статей]
_fМПС СССР. Науч.-техн. о-во и дорпрофсож Моск.-Киевской ж. д.
210 _aКалуга
_cБ. и.
_d1957
215 _a32 с.
_d22
225 1 _aВ помощь профсоюзному активу
606 _aПрофсоюзная работа на железнодорожном транспорте
_jСборники
_2psbo
712 0 2 _aМосковско-Киевская железная дорога
_9496768
_3RU\NLR\AUTH\889999804
801 0 _aRU
_bNLR
_gpsbo
801 1 _aRU
_bELAR
_2rusmarc
852 _aNLR
_j58-6/856
942 _cBOOK
980 _aNB